<?xml version="1.0" encoding="UTF-8"?>
<record
    xmlns:xsi="http://www.w3.org/2001/XMLSchema-instance"
    xsi:schemaLocation="http://www.loc.gov/MARC21/slim http://www.loc.gov/standards/marcxml/schema/MARC21slim.xsd"
    xmlns="http://www.loc.gov/MARC21/slim">

  <leader>00575nam a22001937a 4500</leader>
  <controlfield tag="003">OSt</controlfield>
  <controlfield tag="005">20130412095758.0</controlfield>
  <controlfield tag="008">130412s2010    sp ||||| |||| 00| 0 cat d</controlfield>
  <datafield tag="020" ind1=" " ind2=" ">
    <subfield code="a">9788497663878</subfield>
  </datafield>
  <datafield tag="040" ind1=" " ind2=" ">
    <subfield code="c">CDMR</subfield>
  </datafield>
  <datafield tag="100" ind1="1" ind2=" ">
    <subfield code="9">417</subfield>
    <subfield code="a">Guillamet, Jaume</subfield>
  </datafield>
  <datafield tag="245" ind1="1" ind2="2">
    <subfield code="a">L'arrencada del periodisme liberal</subfield>
    <subfield code="b">: pol&#xED;tica, mercat i llengua a la premsa catalana (1833-1874)</subfield>
    <subfield code="c">Jaume Guillamet</subfield>
  </datafield>
  <datafield tag="260" ind1=" " ind2=" ">
    <subfield code="a">Vic</subfield>
    <subfield code="b">Eumo</subfield>
    <subfield code="c">2010</subfield>
  </datafield>
  <datafield tag="300" ind1=" " ind2=" ">
    <subfield code="a">350 p.</subfield>
  </datafield>
  <datafield tag="490" ind1="0" ind2=" ">
    <subfield code="a">Refer&#xE8;ncies</subfield>
    <subfield code="v">54</subfield>
  </datafield>
  <datafield tag="650" ind1="0" ind2="4">
    <subfield code="9">1524</subfield>
    <subfield code="a">Premsa</subfield>
    <subfield code="x">Hist&#xF2;ria</subfield>
    <subfield code="z">Catalunya</subfield>
  </datafield>
  <datafield tag="650" ind1="0" ind2="4">
    <subfield code="9">3163</subfield>
    <subfield code="a">Premsa pol&#xED;tica</subfield>
  </datafield>
  <datafield tag="942" ind1=" " ind2=" ">
    <subfield code="2">udc</subfield>
    <subfield code="c">MON</subfield>
  </datafield>
  <datafield tag="999" ind1=" " ind2=" ">
    <subfield code="c">6085</subfield>
    <subfield code="d">6085</subfield>
  </datafield>
  <datafield tag="952" ind1=" " ind2=" ">
    <subfield code="0">0</subfield>
    <subfield code="1">0</subfield>
    <subfield code="4">0</subfield>
    <subfield code="7">0</subfield>
    <subfield code="a">CDMR</subfield>
    <subfield code="b">CDMR</subfield>
    <subfield code="d">2013-01-16</subfield>
    <subfield code="e">Donaci&#xF3;</subfield>
    <subfield code="l">0</subfield>
    <subfield code="o">Du 7/49</subfield>
    <subfield code="p">CDMR13046189</subfield>
    <subfield code="r">2013-04-12</subfield>
    <subfield code="w">2013-04-12</subfield>
    <subfield code="y">MON</subfield>
  </datafield>
</record>
